An introduction to language and linguistics

This best-selling textbook addresses the full scope of language, from the traditional subjects of structural linguistics (relating to sound, form, meaning and language change) to the more specialised subjects of contextual linguistics (including discourse, dialect variation, language and culture, an...

詳細記述

保存先:
書誌詳細
フォーマット: 図書
言語:Undetermined
出版事項: Cambridge Cambridge University Press 2014
主題:
タグ: タグ追加
タグなし, このレコードへの初めてのタグを付けませんか!
Thư viện lưu trữ: Trung tâm Học liệu Trường Đại học Cần Thơ
LEADER 01042nam a2200205Ia 4500
001 CTU_223728
008 210402s9999 xx 000 0 und d
020 |c 1610000 
082 |a 410 
082 |b I.61 
245 3 |a An introduction to language and linguistics 
245 0 |c Edited by Ralph Fasold and Jeffrey Connor-Linton. 
260 |a Cambridge 
260 |b Cambridge University Press 
260 |c 2014 
520 |a This best-selling textbook addresses the full scope of language, from the traditional subjects of structural linguistics (relating to sound, form, meaning and language change) to the more specialised subjects of contextual linguistics (including discourse, dialect variation, language and culture, and the politics of language). There are also separate chapters on language and the brain, computational linguistics, writing, and first and second language learning. 
526 |b SG286 
650 |a Language and languages,Linguistics 
904 |i Tuyen 
980 |a Trung tâm Học liệu Trường Đại học Cần Thơ